• 首页
  • 本馆介绍
  • 公告通知
  • 最新文献
  • 馆藏检索
  • 电子资源
  • 读者导购
  • 参考咨询
  • 我的图书馆
  • 登录
  • 详细信息显示
  • 放入我的书架
  • 预约/预借图书
  • 作者相关作品
  • 分类相关作品
  • 丛书相关作品
  • 出版社相关作品

书目信息

  • 表格格式
  • 工作单格式
  • 卡片格式
题名:
黑洞及类星体
    
 
作者: ;舒丽苹 译 ;美国世界图书出版公司 著
分册:  
出版信息: 北京   机械工业出版社  2021.4
页数: 61页
开本: 26cm
丛书名: 畅销全球轻松掌握天文知识的经典丛书
单 册:
中图分类: P145.8 , P158
科图分类:
主题词: 黑洞--普及读物 , 类星体--普及读物
电子资源:
ISBN: 978-7-111-62980-1
000 01394nam2 2200325 45
001 012001002558
005 20140914141357.0
010    @a978-7-111-62980-1@b精装@dCNY49.00
100    @a20200402d2020 em y0chiy50 ea
101 1  @achi@ceng
102    @aCN@b110000
105    @aa z 000yy
106    @ar
200 1  @a黑洞及类星体@Ahei dong ji lei xing ti@b专著@f美国世界图书出版公司著@g舒丽苹译
210    @a北京@c机械工业出版社@d2021.4
215    @a61页@c彩图@d26cm
225 2  @a畅销全球轻松掌握天文知识的经典丛书
300    @a并列题名:Quasars and black holes
330    @a浩瀚宇宙中存在着许多奇异的天体,其中,黑洞和类星体无疑更具神秘色彩。黑洞是如此不可思议,连光都无法逃脱它的引力:而类星体则是一个移动速度极快的能量流,它是我们人类能够观测到的最遥远的天体:黑洞和类星体相互依存,天文学家相信,每个类星体都是由巨大的黑洞来提供能量的,而黑洞又需要吞噬类星体释放出的能量:本书会揭开这两种天体神秘的面纱,让读者一睹它们的“真容”。
410  0 @12001 @a畅销全球轻松掌握天文知识的经典丛书
461  0 @12001 @a畅销全球轻松掌握天文知识的经典丛书
510 1  @aQuasars and black holes@zeng
606 0  @a黑洞@j普及读物
606 0  @a类星体@j普及读物
690    @aP145.8@v5
690    @aP158@v5
702  0 @a舒丽苹@Ashu li ping@4译
711 02 @a美国世界图书出版公司@Amei guo shi jie tu shu chu ban gong si@4著
801  2 @aCN@bBJSDL@c20211018
905    @b1344353-6@dP145.8@e379@f4
    
    黑洞及类星体/美国世界图书出版公司著/舒丽苹译.-北京:机械工业出版社,2021.4
    61页:彩图;26cm.-(畅销全球轻松掌握天文知识的经典丛书)
    并列题名:Quasars and black holes
    
    ISBN 978-7-111-62980-1(精装):CNY49.00
    浩瀚宇宙中存在着许多奇异的天体,其中,黑洞和类星体无疑更具神秘色彩。黑洞是如此不可思议,连光都无法逃脱它的引力:而类星体则是一个移动速度极快的能量流,它是我们人类能够观测到的最遥远的天体:黑洞和类星体相互依存,天文学家相信,每个类星体都是由巨大的黑洞来提供能量的,而黑洞又需要吞噬类星体释放出的能量:本书会揭开这两种天体神秘的面纱,让读者一睹它们的“真容”。
●
相关链接 在E读中查询图书 在五车中查询图书 在当当中查询图书 在豆瓣中查询图书


正题名:黑洞及类星体     索取号:P145.8/379         预约/预借

序号 登录号 条形码 馆藏地/架位号 状态 备注
1 1344353   213443530   第二样本阅览室/ [索取号:P145.8/379] 在馆    
2 1344354   213443549   第三借阅区/ [索取号:P145.8/379] 在馆    
3 1344355   213443558   第三借阅区/ [索取号:P145.8/379] 在馆    
4 1344356   213443567   第三借阅区/ [索取号:P145.8/379] 在馆    
唐山师范学院图书馆 欢迎您!
大连网信软件有限公司© 版权所有